00721nam a2200169Ia 4500008004100000020001500041041001200056100001500068245005500083260002500138300000800163650001400171942000700185999001700192952017100209952017100380221030s9999 xx 000 0 und d a1259060977 aEnglish aM. McGrath 0aBuilding Android Apps in Easy Stepscby M. McGrath bTMHaNew Delhic2012 a192 aComputers cBK c16946d16946 pM 3280g295.00i11563l0eRKBr2024-06-10 00:00:00w2022-10-30yBK003Print4070aMIETLIBbMIETLIBcBL-Academic Block B, FL-2, CUP-94, SH-1, R-1d2016-10-0510HMCA pM 3281g295.00i11563l0eRKBr2024-06-10 00:00:00w2022-10-30yBK003Print4070aMIETLIBbMIETLIBcBL-Academic Block B, FL-2, CUP-94, SH-1, R-1d2016-10-0510HMCA